| 000 | 01182nam a2200313 a 4500 | ||
|---|---|---|---|
| 001 | 000005384 | ||
| 005 | 20200929151648.0 | ||
| 008 | 090819s1979 sp 000 0 esp d | ||
| 020 | _a8400043782 | ||
| 040 |
_aDO-SdBNP _bspa _cBNPHU |
||
| 041 | 1 | 7 |
_aspa _2grc |
| 082 |
_a220.6 _bT388 |
||
| 100 | 1 |
_aTheodoreti, _cBishop of Cyrensis _dca. 393-c.a 466 _915281 |
|
| 240 | 1 | 0 | _aQuaestiones in octateuchum |
| 245 | 1 | 0 |
_aTheodoreti Cyrensis quaestiones in octateuchum. / _cedición crítica Natalio Fernández Marcos, Angel Sáenz-Badillos. |
| 250 | _aEd. crítica | ||
| 260 |
_aMadrid, : _bCSIC, _c1979. |
||
| 300 |
_alxiii, 345 p. ; _c25 cm. |
||
| 490 | 1 | _aTextos y estudios Cardenal Cisneros | |
| 600 | 1 | 0 |
_aTHEODORETI, _cBISHOP OF CYRENSIS _xCRÍTICA E INTERPRETACIÓN _915282 |
| 650 | 4 |
_aBiblia _xCrítica e interpretación _915283 |
|
| 650 | 4 |
_aBiblia _xCrítica textual _915284 |
|
| 700 | 1 |
_aFernández Marcos, Natalio, _eed. _915285 |
|
| 700 | 1 |
_aSáenz-Badillos, Angel _eed. _915286 |
|
| 710 | 2 |
_aConsejo Superior de Investigaciones Científicas _94786 |
|
| 830 | 0 |
_aTextos escolares Cardenal Cisneros _915287 |
|
| 910 | _aValidado. Control de calidad BNPHU | ||
| 049 | _aBNPD | ||
| 999 |
_c5184 _d5184 |
||